| 000 -LEADER |
| fixed length control field |
00818nam a22002537a 4500 |
| 001 - CONTROL NUMBER |
| control field |
21600 |
| 003 - CONTROL NUMBER IDENTIFIER |
| control field |
BD-DhUAP |
| 005 - DATE AND TIME OF LATEST TRANSACTION |
| control field |
20220621114506.0 |
| 008 - FIXED-LENGTH DATA ELEMENTS--GENERAL INFORMATION |
| fixed length control field |
151114r19711929enk 00011 eng d |
| 020 ## - INTERNATIONAL STANDARD BOOK NUMBER |
| International Standard Book Number |
9780099273974 |
| 040 ## - CATALOGING SOURCE |
| Original cataloging agency |
ANL |
| Language of cataloging |
eng |
| Modifying agency |
BD-DhUAP |
| Transcribing agency |
BD-DhUAP |
| Description conventions |
BD-DhUAP |
| 082 0# - DEWEY DECIMAL CLASSIFICATION NUMBER |
| Classification number |
823.91 HEM |
| Edition number |
18 |
| 100 1# - MAIN ENTRY--PERSONAL NAME |
| Personal name |
Hemingway, Ernest, |
| Dates associated with a name |
1899-1961. |
| 9 (RLIN) |
5676 |
| 245 12 - TITLE STATEMENT |
| Title |
A farewell to arms / |
| Statement of responsibility, etc. |
Ernest Hemingway ; with a commentary by Tony Tanner. |
| 260 ## - PUBLICATION, DISTRIBUTION, ETC. |
| Place of publication, distribution, etc. |
London : |
| Name of publisher, distributor, etc. |
VINTAGE BOOKS, |
| Date of publication, distribution, etc. |
c1929. |
| 300 ## - PHYSICAL DESCRIPTION |
| Extent |
293 p. ; |
| Dimensions |
20 cm. |
| 490 ## - SERIES STATEMENT |
| Series statement |
Modern novel series |
| 500 ## - GENERAL NOTE |
| General note |
Fiction in English, 1900-. Texts (BNB/PRECIS) |
| 500 ## - GENERAL NOTE |
| General note |
Originally published, New York: Scribner; London: Cape, 1929. |
| 504 ## - BIBLIOGRAPHY, ETC. NOTE |
| Bibliography, etc. note |
bibl p317. |
| 650 ## - SUBJECT ADDED ENTRY--TOPICAL TERM |
| Topical term or geographic name entry element |
World War, 1914-1918 |
| Form subdivision |
Fiction |
| 9 (RLIN) |
16146 |
| 942 ## - ADDED ENTRY ELEMENTS (KOHA) |
| Source of classification or shelving scheme |
|
| Koha item type |
Book |